[Event "Unive Open"]
[Site "Hoogeveen NED"]
[Date "2010.10.30"]
[Round "9"]
[White "Perez Candelario,Man"]
[Black "Negi,P"]
[Result "1/2-1/2"]
[WhiteElo "2526"]
[BlackElo "2596"]

1.e4 c5 2.Nf3 e6 3.d4 cxd4 4.Nxd4 Nc6 5.Nc3 Qc7 6.Be3 a6 7.Qd2 Nf6 8.O-O-O Be7
9.f3 h5 10.Kb1 b5 11.Bd3 Ne5 12.Bg5 d6 13.f4 b4 14.Nce2 Nxd3 15.cxd3 Qb6
16.Rhf1 a5 17.Rc1 Bb7 18.e5 Nd5 19.Bxe7 Nxe7 20.exd6 Nd5 21.f5 e5 22.Qg5 exd4
23.Qxg7 Nc3+ 24.Nxc3 bxc3 25.Rfe1+ Kd7 26.Qxf7+ Kc6 27.Rc2 Rhf8 28.Qxh5 Qb5
29.Qh7 Kb6 30.Qc7+ Ka6 31.d7 Rad8 32.a4 Qxd7 33.Re6+ Ka7 34.Qxa5+ Kb8 35.bxc3 dxc3
36.Rxc3 Qd4 37.Qc7+ Ka8 38.Qa5+ Kb8 39.Qe5+ Ka8 40.Qa5+ Kb8 41.Qe5+ Ka8 42.Qxd4 Rxd4
43.a5 Rb4+ 44.Kc2 Rxf5 45.Ra3 Bxg2 46.a6 Rf8 47.Rh6 Rbf4 48.h4 Ka7 49.Ra5 R4f6
50.Rh7+ R8f7 51.Rxf7+ Rxf7 52.Kd2 Rh7 53.Ra4 Bc6 54.Rb4 Kxa6 55.Kc3 Bb5 56.Rf4 Kb6
57.Rg4 Kc6 58.Rd4 Kc5 59.Rg4 Bd7 60.Rd4 Be6 61.Ra4 Kd6 62.Kd2 Ke5 63.Re4+ Kf5
64.Ke3 Bd5 65.Rf4+ Ke5 66.Rg4 Be6 67.Rf4 Bf5 68.Rb4 Rd7 69.Rb5+ Kf6 70.Rb6+ Kg7
71.d4 Bg6 72.Rb5 Rd8 73.d5 Rh8 74.Rb4 Kf6 75.Rd4 Ke5 76.d6 Bf5 77.d7 Rd8
78.h5 Bxd7 79.h6 Ke6 80.h7 Rh8 81.Rh4 Kf6 82.Kf4 Bf5 83.Rh6+ Bg6 84.Rh2 Bxh7
85.Rh6+ Kg7 86.Kg5 Ra8 87.Rb6 Be4 88.Rb5 Kf7 89.Re5 Ra4 90.Kf4 Bc6+ 91.Ke3 Kf6
92.Rh5 Be4 93.Rb5 Ke6 94.Rb8 Bc6 95.Rh8 Kd6 96.Rh5 Bd5 97.Rh8 Kc5 98.Rc8+ Bc6
99.Rd8 Ra3+ 100.Kf4 Bd5 101.Ke5 Re3+ 102.Kf4 Re1 103.Rb8 Kd4 104.Rb4+ Bc4
105.Ra4 Rf1+ 106.Kg5 Kd5 107.Rb4 Kc5 108.Ra4 Bd5 109.Rf4 Ra1 110.Rf2 Kd4
111.Rf5 Be4 112.Rb5 Bd5 113.Rb2 Ke5 114.Rb4 Rc1 115.Ra4 Rb1 116.Kg4 Rg1+
117.Kh5 Be4 118.Ra6 Rg7 119.Kh6 Rg3 120.Rb6 Bd3 121.Rc6 Bf5 122.Ra6 Be6 123.Ra4 Kf6
124.Kh5 Rg8 125.Kh4 Bf5 126.Ra6+ Ke5 127.Ra4 Be4 128.Kh5 Bf3+ 129.Kh6 Bg4
130.Kh7 Be6 131.Ra3 Rg2 132.Ra5+ Kf6 133.Rh5 Bf5+ 134.Kh8 Ra2  1/2-1/2

[Event "WY Boys-U16"]
[Site "Porto Carras GRE"]
[Date "2010.10.30"]
[Round "11.5"]
[White "Predke,A"]
[Black "Andersen,Mad"]
[Result "0-1"]
[WhiteElo "2436"]
[BlackElo "2385"]

1.e4 c5 2.Nf3 e6 3.d4 cxd4 4.Nxd4 Nc6 5.Nc3 Qc7 6.Be3 a6 7.Qd2 Nf6 8.O-O-O Bb4
9.f3 O-O 10.g4 b5 11.g5 Ne8 12.h4 Bb7 13.h5 Ne5 14.Qf2 Bxc3 15.bxc3 Qxc3
16.Nb3 Rc8 17.Rh3 d6 18.Bd4 Qb4 19.Rg3 Qa4 20.Bxe5 dxe5 21.Kb1 Qb4 22.Bh3 Nd6
23.Qd2 Qxd2 24.Nxd2 Rfd8 25.Nb3 Kf8 26.g6 hxg6 27.hxg6 f5 28.Na5 Ke7 29.Nxb7 Nxb7
30.Rxd8 Rxd8 31.exf5 exf5 32.Bxf5 Kf6 33.Be4 Nc5 34.Kb2 Rd1 35.Kc3 a5 36.a4 Nxa4+
37.Kb3 Rb1+ 38.Ka3 Nc3  0-1

[Event "WY Boys-U18"]
[Site "Porto Carras GRE"]
[Date "2010.10.30"]
[Round "11.1"]
[White "Ter Sahakyan,S"]
[Black "Shimanov,A"]
[Result "0-1"]
[WhiteElo "2516"]
[BlackElo "2512"]

1.e4 c5 2.Nf3 e6 3.d4 cxd4 4.Nxd4 Nc6 5.Nc3 Qc7 6.Be2 Nf6 7.O-O Be7 8.Kh1 O-O
9.f4 d6 10.Be3 Nxd4 11.Qxd4 b6 12.Bf3 Bb7 13.Nb5 Qb8 14.c4 a6 15.Nc3 b5 16.e5 Bxf3
17.Rxf3 Ng4 18.exd6 Bxd6 19.c5 Bc7 20.Bg1 Rd8 21.Qb4 Nf6 22.Raf1 Qb7 23.a4 Rab8
24.axb5 axb5 25.Bd4 Ba5 26.Qxa5 Rxd4 27.b4 h5 28.Qa3 Ne4 29.Ne2 Rc4 30.Rd1 Qa8
31.Qb3 Qa4 32.Kg1 Rxb4 33.Qxa4 bxa4 34.c6 Rc4 35.Rd4 Rxd4 36.Nxd4 Rb1+ 37.Rf1 Rxf1+
38.Kxf1 a3 39.Ke2 a2 40.Nc2 Nc3+ 41.Kd3 Nd5 42.Kc4 Kf8 43.f5 Ke7 44.Kc5 Ne3  0-1

[Event "Chigorin Mem Classic Open"]
[Site "St Petersburg RUS"]
[Date "2010.10.30"]
[Round "3"]
[White "Ivanov,Ro"]
[Black "Kolesnikova,K"]
[Result "1-0"]
[WhiteElo "2247"]
[BlackElo "1918"]

1.e4 c5 2.Nf3 e6 3.d4 cxd4 4.Nxd4 Nc6 5.Nc3 Qc7 6.a3 a6 7.Be3 b5 8.Bd3 Ne5
9.O-O Nxd3 10.cxd3 b4 11.axb4 Bxb4 12.Rc1 Qb7 13.Qa4 Be7 14.Rc2 Nf6 15.h3 O-O
16.Qa1 d5 17.e5 Nd7 18.f4 Nc5 19.Qd1 Nb3 20.Bf2 Bd7 21.Nde2 Rfc8 22.d4 Na5
23.Be3 Rc4 24.Ng3 g6 25.Qf3 Rb4 26.f5 gxf5 27.Qh5 Nc4 28.Bg5 Bb5 29.Bf6 Bxf6
30.exf6 Kh8 31.Rf4 Qb8 32.Qh6 Qf8 33.Qh5 Rxb2 34.Rxb2 Nxb2 35.Nxd5 exd5 36.Nxf5 Bd3
37.Rh4 Bxf5 38.Qxf5 h6 39.g4 Re8 40.g5  1-0

[Event "Chigorin Mem Classic Open"]
[Site "St Petersburg RUS"]
[Date "2010.10.31"]
[Round "4"]
[White "Petrosian,DG"]
[Black "Safarli,E"]
[Result "0-1"]
[WhiteElo "2487"]
[BlackElo "2607"]

1.e4 c5 2.Nf3 e6 3.d4 cxd4 4.Nxd4 Nc6 5.Nc3 Qc7 6.Be3 Nf6 7.Qd2 Nxd4 8.Qxd4 Ng4
9.Nb5 Qc6 10.Nxa7 Nxe3 11.fxe3 Rxa7 12.Qxa7 Bb4+ 13.Kd1 b6 14.Qb8 Bd6 15.Bb5 Bxb8
16.Bxc6 dxc6 17.a4 Bc7 18.b4 Ba6 19.b5 cxb5 20.axb5 Bxb5 21.Ra8+ Bd8 22.Kc1 Bc6
23.Ra7 Bxe4 24.Rd1 Bxg2 25.Rg1 Be4 26.Rg4 Bf5 27.Rd4 O-O 28.Rad7 e5  0-1

[Event "Chigorin Mem Classic Open"]
[Site "St Petersburg RUS"]
[Date "2010.10.31"]
[Round "4"]
[White "Szabo,Krisz1"]
[Black "Khairullin,I"]
[Result "0-1"]
[WhiteElo "2528"]
[BlackElo "2620"]

1.e4 c5 2.Nf3 e6 3.d4 cxd4 4.Nxd4 Nc6 5.Nc3 Qc7 6.Be3 Nf6 7.f4 Bb4 8.Nb5 Qa5
9.e5 Nd5 10.Bd2 Nxc3 11.bxc3 Bc5 12.c4 Qd8 13.Bd3 b6 14.Bc3 O-O 15.Qh5 h6
16.g4 Bb7 17.Rf1 Nb4 18.Bxb4 Bxb4+ 19.Ke2 d5 20.Rad1 a6 21.cxd5 axb5 22.dxe6 Qd5
23.exf7+ Rxf7 24.Bh7+ Kxh7 25.Rxd5 Bxd5 26.f5 Re8 27.g5 Rxe5+ 28.Kd1 Rfxf5
29.g6+ Kg8 30.Qxf5 Rxf5 31.Rxf5 Bxa2 32.h4 Bc4 33.h5 Bc3  0-1

[Event "14th OIBM"]
[Site "Bad Wiessee GER"]
[Date "2010.11.01"]
[Round "4.37"]
[White "Bartels,Ho"]
[Black "Milov,L"]
[Result "1/2-1/2"]
[WhiteElo "2136"]
[BlackElo "2561"]

1.e4 c5 2.Nf3 e6 3.d4 cxd4 4.Nxd4 Nc6 5.Nc3 Qc7 6.Be2 a6 7.O-O Nf6 8.Kh1 Be7
9.f4 d6 10.Be3 O-O 11.Nb3 b5 12.a3 Bb7 13.Bf3 Nd7 14.Qe1 Rfe8 15.Qf2 Na5
16.Nxa5 Qxa5 17.f5 exf5 18.exf5 Bxf3 19.gxf3 Bf6 20.Bd4 Bxd4 21.Qxd4 Qb6
22.Rad1 Qxd4 23.Rxd4 Nb6 24.a4 Nxa4 25.Nxa4 bxa4 26.Rxd6 h5 27.Rf2 Rec8 28.Kg2 f6
29.Rd4 Rab8 30.Rxa4 Rxb2 31.Rxa6 Rcxc2 32.Rxc2 Rxc2+ 33.Kg3 Rc5 34.Kf4 Rc4+
35.Ke3 Rc2 36.h4 Rc4 37.f4 Rc3+ 38.Ke4 Rh3 39.Ra1 Rxh4 40.Rg1 Rh3 41.Rg2 Kh7
42.Rg1 Kh6 43.Rg6+ Kh7 44.Rg1 Ra3 45.Rh1 Kh6 46.Rh2 Ra4+ 47.Kf3 g5 48.fxg6 Kxg6
49.Rh4 Ra3+ 50.Kf2 Ra8 51.Kf3 Rh8 52.Ke4 Rb8 53.Kf3 Rb3+ 54.Kf2 Rc3 55.Rh1 Ra3
56.Rh4 Ra7 57.Kf3 Re7 58.Rh1 Rb7 59.Rh4 Rc7 60.Rh1 Rh7 61.Rh4 Kf5 62.Ke3 Kg6
63.Ke4 Rh6 64.Ke3 Kf5 65.Kf3 Rh8 66.Ke3 Ke6 67.Ke4 Rh7 68.Kd4 Rd7+ 69.Ke4 Rd5
70.Rh1 Ra5 71.Rh4 Kf7 72.Rh1 Kg6 73.Rg1+ Kf7 74.Rh1 Rb5 75.Kf3 Kg6 76.Kg3 Rb3+
77.Kf2 Kf5 78.Rxh5+ Kg4 79.Ra5 f5 80.Ra4 Rb2+ 81.Kf1 Rb3 82.Kf2 Rh3 83.Rb4 Ra3
84.Rc4 Ra2+ 85.Ke3 Kg3 86.Rb4 Ra8 87.Ke2 Ra2+ 88.Ke3 Rf2 89.Ra4 Rf3+ 90.Ke2 Kg2
91.Rb4 Rf2+ 92.Ke3 Kg3 93.Ra4 Rb2 94.Rc4 Rb7 95.Ke2 Re7+ 96.Kf1 Re3 97.Ra4 Kf3
98.Rb4 Ra3 99.Ke1 Re3+ 100.Kf1 Rc3 101.Ke1 Rc1+ 102.Kd2 Rf1 103.Ra4 Rh1 104.Rb4 Kf2
105.Rb5 Rh5 106.Ra5 Kf3 107.Ra4 Rh8 108.Ke1 Rh1+ 109.Kd2 Rb1 110.Rc4 Rb5
111.Ke1 Rb3 112.Ra4 Rd3 113.Rb4 Ra3 114.Rc4 Ke3 115.Kf1 Kf3 116.Ke1 Ra1+
117.Kd2 Rg1 118.Ra4 Rh1 119.Rc4 Kf2 120.Rc5 Rh5 121.Ra5 Kg3 122.Ke3 Kg4 123.Ra4 Rh2
124.Rb4 Ra2 125.Rc4 Kg3 126.Rb4 Ra8 127.Ke2 Ra1 128.Rc4 Ra3 129.Rb4 Ra7  1/2-1/2

[Event "VII Open"]
[Site "Figueira da Foz POR"]
[Date "2010.11.01"]
[Round "3.3"]
[White "Stets,D"]
[Black "Rotstein,A"]
[Result "1-0"]
[WhiteElo "2454"]
[BlackElo "2542"]

1.e4 c5 2.Nf3 e6 3.d4 cxd4 4.Nxd4 Nc6 5.Nc3 Qc7 6.Be3 Nf6 7.f4 d6 8.Qf3 a6
9.O-O-O Nxd4 10.Bxd4 b5 11.Bd3 Bb7 12.Rhe1 Be7 13.g4 O-O 14.Qh3 Nd7 15.Nd5 Qd8
16.e5 g6 17.exd6 Bxd5 18.dxe7 Qxe7 19.g5 Rfc8 20.Re3 h5 21.gxh6 Kh7 22.f5 Nf8
23.Rg1 Bc4 24.fxg6+ Nxg6 25.Bxg6+ fxg6 26.Rxg6 Kxg6 27.Rg3+ Kh7 28.Rg7+ Qxg7
29.hxg7+ Kg8 30.b3 Bd5 31.Qh8+ Kf7 32.Qh7 Rg8 33.h4 Rad8 34.h5 e5 35.Qf5+  1-0

[Event "Chigorin Mem Classic Open"]
[Site "St Petersburg RUS"]
[Date "2010.11.01"]
[Round "5"]
[White "Dzhumaev,M"]
[Black "Bocharov,D"]
[Result "1-0"]
[WhiteElo "2487"]
[BlackElo "2612"]

1.e4 c5 2.Nf3 e6 3.Nc3 Nc6 4.d4 cxd4 5.Nxd4 Qc7 6.Be3 a6 7.Qd2 b5 8.O-O-O b4
9.Na4 Nf6 10.f3 Ne5 11.Nb3 Rb8 12.Qf2 d6 13.Ba7 Rb7 14.Bd4 Rb8 15.Nb6 Be7
16.Nxc8 Qxc8 17.f4 Ned7 18.Bd3 e5 19.fxe5 dxe5 20.Ba7 Ra8 21.Be3 O-O 22.Qg3 Qc6
23.Na5 Qc7 24.Nc4 Rfc8 25.Kb1 a5 26.Rhf1 a4 27.Bh6 g6 28.Qf3 b3 29.cxb3 axb3
30.a3 Nc5 31.Ne3 Rd8 32.Nd5 Rxd5 33.exd5 Qd6 34.Bc4 Ra4 35.Rc1 Ra7 36.h3 Bd8
37.Rfe1 Rb7 38.g4 Nfd7 39.Bd2 e4 40.Rxe4 Nxe4 41.Qxe4 Bf6 42.g5 Bg7 43.Bb4 Qh2
44.Be2 Rb8 45.h4 Bf8 46.Bc3 Bg7 47.Ba5 Qf2 48.Rf1 Qc5 49.Bd2 Qd6 50.Bb4 Qh2
51.d6 Nf8 52.Rxf7 Kh8 53.Qe3 Qxh4 54.Bc3  1-0

[Event "VII Open"]
[Site "Figueira da Foz POR"]
[Date "2010.11.02"]
[Round "4.12"]
[White "Durao,J"]
[Black "Santos,AntonioP"]
[Result "0-1"]
[WhiteElo "2009"]
[BlackElo "2326"]

1.e4 c5 2.Nf3 e6 3.d4 cxd4 4.Nxd4 Nc6 5.Nc3 Qc7 6.g3 a6 7.Bg2 d6 8.O-O Nf6
9.a4 Bd7 10.Nb3 Be7 11.f4 Na5 12.e5 dxe5 13.fxe5 Nxb3 14.exf6 Bc5+ 15.Kh1 Nxa1
16.fxg7 Rg8 17.Bf4 Qb6 18.a5 Qxb2 19.Ne4 Be7 20.Bd6 Bc6  0-1

[Event "Chigorin Mem Classic Open"]
[Site "St Petersburg RUS"]
[Date "2010.11.02"]
[Round "6"]
[White "Zherebukh,Y"]
[Black "Kashtanov,R"]
[Result "1-0"]
[WhiteElo "2563"]
[BlackElo "2351"]

1.e4 c5 2.Nf3 e6 3.d4 cxd4 4.Nxd4 Nc6 5.Nc3 Qc7 6.Be2 Nf6 7.O-O Be7 8.Kh1 O-O
9.f4 d6 10.Be3 Nxd4 11.Qxd4 b6 12.Bf3 Bb7 13.Nb5 Qb8 14.c4 Rd8 15.Qd3 a6
16.Nd4 Nd7 17.Qe2 Qc7 18.f5 exf5 19.Nxf5 Re8 20.Qf2 Bf6 21.Rad1 Be5 22.b3 Bc6
23.Qh4 Nf8 24.Rd2 Rad8 25.Rfd1 Re6 26.Bd4 Ng6 27.Qf2 Bxd4 28.Rxd4 Ne7 29.Qg3 Rg6
30.Qh4 Nxf5 31.exf5 Rf6 32.Bxc6 Qxc6 33.Rg4 d5 34.h3 Rfd6 35.cxd5 Qc2 36.Rf1 Qd3
37.Rf3 Qd1+ 38.Kh2 Qxd5 39.f6 Qe5+ 40.Rff4 g6 41.Rg5 Qe3 42.Re4 Qc3 43.Rge5 Rf8
44.Re8 Rd8 45.Qh6  1-0

[Event "Chigorin Mem Classic Open"]
[Site "St Petersburg RUS"]
[Date "2010.11.02"]
[Round "6"]
[White "Dzhumaev,M"]
[Black "Khairullin,I"]
[Result "0-1"]
[WhiteElo "2487"]
[BlackElo "2620"]

1.e4 c5 2.Nf3 e6 3.Nc3 Nc6 4.d4 cxd4 5.Nxd4 Qc7 6.Be3 Nf6 7.Qd2 Nxd4 8.Qxd4 Ng4
9.Nb5 Qc6 10.e5 Nxe3 11.fxe3 b6 12.O-O-O Bb7 13.Bd3 Bc5 14.Qh4 Be7 15.Qf4 O-O
16.Rhf1 Qc5 17.Kb1 a6 18.Nd4 d6 19.exd6 Bxd6 20.Qg4 Be7 21.h4 Rad8 22.Rf2 Qe5
23.Qh3 b5 24.Rdf1 Be4 25.Bxe4 Qxe4 26.a3 Qxh4 27.Nc6 Rd7 28.Nxe7+ Qxe7 29.Rh1 h6
30.Rf4 Rfd8 31.Qf3 Rd2 32.c3 e5 33.Rg4 Qe6 34.Rb4 Qg6+ 35.e4 Qxg2 36.Qxg2 Rxg2
37.a4 bxa4 38.Ka2 Rd6 39.Ka3 g5 40.Rxa4 Kg7 41.Ra5 Re6 42.Rd5 Re2 43.c4 Rxe4
44.c5 g4 45.Rd7 Rg6  0-1

[Event "Chigorin Mem Classic Open"]
[Site "St Petersburg RUS"]
[Date "2010.11.02"]
[Round "6"]
[White "Andriasian,Z"]
[Black "Grachev,B"]
[Result "1/2-1/2"]
[WhiteElo "2579"]
[BlackElo "2668"]

1.e4 c5 2.Nf3 e6 3.d4 cxd4 4.Nxd4 Nc6 5.Nc3 Qc7 6.f4 a6 7.Be3 b5 8.Nb3 d6
9.Bd3 Bb7 10.O-O Nf6 11.Qf3 Be7 12.Rae1 Nb4 13.Qh3 h5 14.Kh1 Qd7 15.Na5 Nxd3
16.cxd3 Rc8 17.Nxb7 Qxb7 18.a3 a5 19.Bd4 b4 20.axb4 axb4 21.Nd1 Rc1 22.Ne3 Rxe1
23.Rxe1 O-O 24.b3 Qb5 25.Qf3 Rd8 26.Rd1 Qa6 27.g4 d5 28.Bxf6 dxe4 29.dxe4 Bxf6
30.gxh5 Rxd1+ 31.Qxd1 Qa2 32.Qc2 Qa1+ 33.Kg2 Bd4 34.Nd1 Qa5 35.Qe2 Qc5 36.Kg3 e5
37.fxe5 Qxe5+ 38.Kg2 Qg5+ 39.Kh3 Qf4 40.Qd3 Bf6 41.Kg2 Be5 42.h3 Qh2+ 43.Kf1 Bg3
44.Qf3 Qxh3+ 45.Ke2 Qh2+ 46.Kd3 Be1 47.Qe2 Qd6+ 48.Kc2 Qc5+ 49.Kb1 Bh4 50.Nb2 Bf6
51.Nc4 Qg1+ 52.Kc2 Qa1 53.Qf3 Qa2+ 54.Kc1 Qa1+ 55.Kc2 Qa2+ 56.Kc1 Kh8 57.e5 Qa1+
58.Kc2 Bxe5 59.Nxe5 Qxe5 60.Qxf7 Qc3+ 61.Kb1  1/2-1/2

[Event "Chigorin Mem Classic Open"]
[Site "St Petersburg RUS"]
[Date "2010.11.02"]
[Round "6"]
[White "Kaneyama,M"]
[Black "Kuzevanova,E"]
[Result "1-0"]
[WhiteElo "1956"]
[BlackElo "2126"]

1.e4 c5 2.Nf3 Nc6 3.Nc3 e6 4.d4 cxd4 5.Nxd4 d6 6.f4 Nf6 7.Bb5 Bd7 8.Be3 Be7
9.O-O O-O 10.Qf3 Qc7 11.Bd3 a6 12.Qg3 Kh8 13.e5 dxe5 14.Nxc6 exf4 15.Rxf4 Bxc6
16.Qh3 g6 17.Raf1 Qe5 18.Bd4 Bc5 19.Bxc5 Qxc5+ 20.Kh1 Nh5 21.Rxf7 Rxf7 22.Rxf7 Rf8
23.Qxe6 Rxf7 24.Qxf7 Qd6 25.Bc4 Qd8 26.Bd5 Bxd5 27.Nxd5 b5 28.h3 Ng3+ 29.Kh2 Ne4
30.Qe6 Qb8+ 31.Kg1 Qa7+ 32.Nb6 Ng5 33.Qe8+ Kg7 34.Qd7+ Qxd7 35.Nxd7 Ne4 36.Nb8 a5
37.Nc6 a4 38.Nd4 b4 39.Nc6 a3 40.b3 Kf6 41.Nxb4  1-0

[Event "Chigorin Mem Classic Open"]
[Site "St Petersburg RUS"]
[Date "2010.11.02"]
[Round "6"]
[White "Fedorov,Alex"]
[Black "Safarli,E"]
[Result "0-1"]
[WhiteElo "2599"]
[BlackElo "2607"]

1.e4 c5 2.Nf3 Nc6 3.d4 cxd4 4.Nxd4 e6 5.Nc3 Qc7 6.Be3 Nf6 7.Bd3 a6 8.O-O Nxd4
9.Bxd4 Bc5 10.Be2 e5 11.Bxc5 Qxc5 12.Qd2 b5 13.Rad1 Bb7 14.a3 O-O 15.Bf3 Rac8
16.Rfe1 a5 17.h3 b4 18.axb4 Qxb4 19.Re3 Rc4 20.Qd6 Qxd6 21.Rxd6 Rfc8 22.g4 h6
23.h4 Rd4 24.Rd3 Rb4 25.g5 hxg5 26.hxg5 Nh7 27.Rxd7 Nxg5 28.b3 Rd4 29.Bg4 Rxd7
30.Bxd7 Rc7 31.Bb5 Nxe4 32.Nxe4 Bxe4 33.Rd8+ Kh7 34.Bd3 Bxd3 35.cxd3 Rc3
36.Rd5 f6 37.Rxa5 Rxd3 38.b4 Rb3 39.Rb5 g5 40.Rb8 Kg6 41.b5 Kf5 42.b6 Kf4
43.b7 f5 44.Kg2 Rb1 45.Kh2 e4 46.Kg2 Kg4 47.Kh2 f4  0-1

[Event "Chigorin Mem Classic Open"]
[Site "St Petersburg RUS"]
[Date "2010.11.03"]
[Round "7"]
[White "Kokarev,Dm"]
[Black "Geller,J"]
[Result "1/2-1/2"]
[WhiteElo "2623"]
[BlackElo "2544"]

1.e4 c5 2.Nf3 e6 3.d4 cxd4 4.Nxd4 Nc6 5.Nc3 Qc7 6.Be3 a6 7.Qd2 Nf6 8.O-O-O Be7
9.f3 O-O 10.g4 b5 11.g5 Nh5 12.Nce2 Rd8 13.Ng3 Nxd4 14.Qxd4 Nf4 15.Kb1 Ng6
16.Nh5 e5 17.Qb6 Qc6 18.c4 bxc4 19.Qxc6  1/2-1/2

[Event "Chigorin Mem Classic Open"]
[Site "St Petersburg RUS"]
[Date "2010.11.03"]
[Round "7"]
[White "Melnikov,D"]
[Black "Kharlov,A"]
[Result "0-1"]
[WhiteElo "2348"]
[BlackElo "2510"]

1.e4 c5 2.Nf3 e6 3.Nc3 Nc6 4.d4 cxd4 5.Nxd4 Qc7 6.g3 Nf6 7.Bg2 a6 8.O-O d6
9.Be3 Be7 10.Qe2 Nxd4 11.Bxd4 O-O 12.Rad1 e5 13.Be3 Be6 14.Nd5 Nxd5 15.exd5 Bd7
16.c4 f5 17.Rc1 f4 18.Bd2 Bg5 19.Rfd1 Qb6 20.Be4 Rf6 21.Qh5 Bh6 22.g4 g5
23.Bc3 Rc8 24.b3 Qc7 25.Rc2 Be8 26.Qh3 Bf8 27.c5 Rh6 28.cxd6 Qxd6 29.Qd3 Bb5
30.Qf3 Bd7 31.h3 Rh4 32.Bb2 Re8 33.Rc6 Qb8 34.Re6 Bd6 35.Bf5 Bxe6 36.dxe6 Rd8
37.Kg2 Rh6 38.Qe4 Qc7 39.Rd5 Rf6 40.Bxh7+ Qxh7  0-1

[Event "Chigorin Mem Classic Open"]
[Site "St Petersburg RUS"]
[Date "2010.11.03"]
[Round "7"]
[White "Korchagina,V"]
[Black "Kolesnikova,K"]
[Result "0-1"]
[WhiteElo "2158"]
[BlackElo "1918"]

1.e4 c5 2.Nf3 Nc6 3.d4 cxd4 4.Nxd4 e6 5.Nc3 Qc7 6.Be2 a6 7.O-O Nf6 8.Be3 b5
9.Nxc6 dxc6 10.Bf3 Be7 11.e5 Nd5 12.Nxd5 cxd5 13.Re1 O-O 14.c3 a5 15.Bd4 Ba6
16.Be2 b4 17.Bxa6 Rxa6 18.Qd3 Rc6 19.cxb4 Bxb4 20.Red1 Rc8 21.g3 Bc5 22.Bxc5 Rxc5
23.Qe3 Rc2 24.Rab1 Qc4 25.b3 Qe2 26.Qxe2 Rxe2 27.Rbc1 Ra8 28.a4 Rxe5 29.Rc7 g6
30.Rdc1 d4 31.Rd7 Rb8 32.Rcc7 Rf5 33.Rb7 Rxb7 34.Rxb7 Kf8 35.Kf1 Re5 36.Rd7 Re4
37.Ra7 Ke8 38.Rxa5 d3 39.Ra8+ Kd7 40.Ra7+ Kc6 41.Ra6+ Kd5 42.Ra8 Kd4 43.a5 d2
44.Rd8+ Kc3 45.Rc8+ Kxb3 46.Rb8+ Ka2  0-1

[Event "Chigorin Mem Classic Open"]
[Site "St Petersburg RUS"]
[Date "2010.11.03"]
[Round "7"]
[White "Amonatov,F"]
[Black "Sharafiev,A"]
[Result "1-0"]
[WhiteElo "2602"]
[BlackElo "2445"]

1.e4 c5 2.Nf3 e6 3.d4 cxd4 4.Nxd4 Nc6 5.Nc3 d6 6.Be3 Nf6 7.f3 Be7 8.Qd2 O-O
9.O-O-O d5 10.Be2 Bb4 11.a3 Ba5 12.Nb3 Bxc3 13.Qxc3 e5 14.exd5 Nxd5 15.Qe1 Be6
16.Bc4 Rc8 17.Nc5 Na5 18.Ba2 b5 19.Qg3 Qd6 20.Bh6 Bg4 21.Rxd5 Qxh6+ 22.Kb1 Be6
23.Nxe6 Qxe6 24.Rxe5 Qc6 25.Qf2 Nc4 26.Bxc4 bxc4 27.Qxa7 c3 28.b4 Qg6 29.Qe3 Ra8
30.Qxc3 Qxg2 31.Rhe1 Qxh2 32.b5 Qh6 33.Rc5 Qb6 34.Ree5 g6 35.Rc6 Qg1+ 36.Kb2 h5
37.f4 Rfb8 38.f5 g5 39.Rh6 f6 40.Rg6+  1-0

[Event "TCh-CHN"]
[Site "Beijing CHN"]
[Date "2010.11.04"]
[Round "18"]
[White "Yu Ruiyuan"]
[Black "Wang Chen"]
[Result "1/2-1/2"]
[WhiteElo "2309"]
[BlackElo "2390"]

1.e4 c5 2.Nf3 e6 3.d4 cxd4 4.Nxd4 Nc6 5.Nc3 Qc7 6.Be2 a6 7.O-O Nf6 8.Be3 Bb4
9.Na4 Bd6 10.g3 b5 11.Nb6 Rb8 12.Nxc8 Rxc8 13.c4 Nxd4 14.Bxd4 e5 15.Be3 b4
16.c5 Bxc5 17.Bxa6 Ra8 18.Rc1 d6 19.Bb5+ Ke7 20.a4 Qb6 21.Bxc5 dxc5 22.Qc2 Rac8
23.Rfd1 h5 24.Qd2 h4 25.g4 Qe6 26.h3 Rhd8 27.Qg5 Kf8 28.Qxh4 Qb3 29.Rxd8+ Rxd8
30.g5 Qxb2 31.Rxc5 Qb1+ 32.Kg2 Qxe4+ 33.Qxe4 Nxe4 34.Rxe5 Nd2 35.Bc6 Rb8
36.Re2 Nc4 37.Bb5 Na5 38.Kf3 b3 39.Ke4 Rd8 40.Ke3 Rd1 41.Rd2 Rh1 42.Kd4 Rc1
43.Kd5 g6 44.Re2 Kg7 45.Bd3 Ra1 46.Bb5 Rc1 47.Kd4 Rc2 48.Kd3 Rc1 49.Rb2 Kf8
50.Kd2 Rc5 51.Bd3 Ke7 52.Rb1 Rxg5 53.Kc3 Kd6 54.Kb4 Rh5 55.Bb5 Nc6+ 56.Bxc6 Kxc6
57.Rxb3 Rh4+ 58.Ka3 Rf4 59.Rc3+ Kb6 60.Rb3+ Ka5  1/2-1/2

[Event "14th OIBM"]
[Site "Bad Wiessee GER"]
[Date "2010.11.05"]
[Round "8.24"]
[White "Hoffmann,Micha1"]
[Black "Partenheimer,A"]
[Result "1/2-1/2"]
[WhiteElo "2510"]
[BlackElo "2201"]

1.e4 c5 2.Nf3 Nc6 3.d4 cxd4 4.Nxd4 e6 5.Nc3 Qc7 6.Be2 a6 7.O-O Nf6 8.Be3 Be7
9.f4 d6 10.Qe1 O-O 11.Qg3 Nxd4 12.Bxd4 b5 13.a3 Bb7 14.Rae1 Rad8 15.Kh1 Rfe8
16.Bd3 Rd7 17.Nd1 Qd8 18.Qh3 g6 19.Ne3 Bf8 20.f5 Bg7 21.Ng4 exf5 22.exf5 Rxe1
23.Rxe1 Nxg4 24.Qxg4 Re7 25.Rf1 Bxd4 26.Qxd4 Re5 27.h3 Qg5 28.Rf2 Qg3 29.Kg1 Re1+
30.Bf1 Qe5 31.Qb6 Qd5 32.Qd8+ Kg7 33.Qa5 Rd1 34.Qc3+ Qd4 35.Qxd4+ Rxd4 36.Bd3 f6
37.Re2 Kf7 38.Re3 Bc8 39.c3 Rd5 40.c4 Rd4 41.fxg6+ hxg6 42.cxb5 axb5 43.Bxb5 Rd1+
44.Kf2 f5 45.h4 Bb7 46.Bc4+ d5 47.Bb3 Rd2+ 48.Re2 Rd4 49.g3 Kf6 50.Rc2 Rd3
51.Ba4 d4 52.Bc6 Bxc6 53.Rxc6+ Ke5 54.Rxg6 Rd2+  1/2-1/2

[Event "14th OIBM"]
[Site "Bad Wiessee GER"]
[Date "2010.11.05"]
[Round "8.43"]
[White "Cordts,I"]
[Black "Becker,T2"]
[Result "1-0"]
[WhiteElo "2292"]
[BlackElo "2154"]

1.e4 c5 2.Nc3 Nc6 3.Nge2 e6 4.d4 cxd4 5.Nxd4 a6 6.g3 Qc7 7.Bg2 Nf6 8.O-O Be7
9.Re1 d6 10.Nxc6 bxc6 11.e5 dxe5 12.Rxe5 Nd5 13.Nxd5 cxd5 14.Qe2 O-O 15.Bxd5 Rb8
16.Re4 Qc5 17.Bb3 Bb7 18.Be3 Qc6 19.f3 Rbd8 20.Kg2 Bf6 21.c3 Qc8 22.Rc4 Qa8
23.Bc5 Be7 24.Bb6 Rd6 25.Be3 Rfd8 26.Rd4 Rxd4 27.Bxd4 e5 28.Be3 e4 29.f4 Rd3
30.Kf2 Qc8 31.Rd1 Qh3 32.Ke1 h5 33.Rxd3 exd3 34.Qf2 h4 35.Kd2 Be4 36.Bd4 Kf8
37.Bc4 Qf5 38.Be5 f6 39.Qa7 Qc8 40.Qb8  1-0

[Event "14th OIBM"]
[Site "Bad Wiessee GER"]
[Date "2010.11.05"]
[Round "8.35"]
[White "Maurer,Joc"]
[Black "Milov,L"]
[Result "1-0"]
[WhiteElo "2191"]
[BlackElo "2561"]

1.e4 c5 2.Nf3 e6 3.d4 cxd4 4.Nxd4 Nc6 5.Nc3 Qc7 6.Be3 a6 7.Qd2 Nf6 8.O-O-O Bb4
9.f3 O-O 10.g4 b5 11.g5 Nh5 12.Kb1 Bb7 13.Nxc6 Bxc6 14.a3 Ba5 15.Bc5 Rfc8
16.Be2 d5 17.Qe3 Rab8 18.exd5 Bxd5 19.b4 Nf4 20.Rd4 Nxe2 21.Qxe2 Bc4 22.Qd2 Bb6
23.Rd7 Qc6 24.Bxb6 Qxb6 25.Rd1 Bd5 26.Nxd5 exd5 27.Qxd5 Rf8 28.Qd6 g6 29.Qxb6 Rxb6
30.R1d6 Rfb8 31.Kb2 Kf8 32.Kc3 Rc8+ 33.Kd3 Rbc6 34.Rxc6 Rxc6 35.c3 h6 36.gxh6 Kg8
37.h7+ Kxh7 38.Rxf7+ Kh6 39.Rf4 Kg5 40.Rd4 Rf6 41.Ke3 Rc6 42.f4+ Kg4 43.Kd3 Kh3
44.c4 bxc4+ 45.Rxc4 Rf6 46.Ke4 Kxh2 47.Rc3 Kg2 48.a4 Rb6 49.Rb3 Re6+ 50.Kd5 Rf6
51.Ke5  1-0

[Event "Chigorin Mem Classic Open"]
[Site "St Petersburg RUS"]
[Date "2010.11.05"]
[Round "9"]
[White "Abramichev,A"]
[Black "Akatova,E"]
[Result "0-1"]
[WhiteElo "2072"]
[BlackElo "2260"]

1.e4 c5 2.Nf3 e6 3.d4 cxd4 4.Nxd4 Nc6 5.Nc3 a6 6.Be3 Qc7 7.Be2 Nf6 8.O-O Be7
9.Kh1 O-O 10.f4 d6 11.Qe1 Bd7 12.Qg3 Nxd4 13.Bxd4 Bc6 14.f5 e5 15.Be3 Kh8
16.Bf3 b5 17.Bg5 b4 18.Bxf6 Bxf6 19.Nd1 Bb5 20.Ne3 Bxf1 21.Rxf1 Rfc8 22.Bd1 a5
23.Rf3 Qd8 24.Qg4 a4 25.Rh3 Bg5 26.Qh5 h6 27.Qxf7 Bxe3 28.Rxe3 b3 29.axb3 axb3
30.Qxb3 Ra1 31.Re1 Rb8 32.Qc3 Qc8 33.Qxc8+ Rxc8 34.Rg1 Rc4 35.Bf3 Rxg1+ 36.Kxg1 Rxc2
37.b4 Rb2 38.b5 Kg8 39.Kf1 Rxb5  0-1

[Event "VII Open"]
[Site "Figueira da Foz POR"]
[Date "2010.11.06"]
[Round "8.3"]
[White "Corrales Jimenez,F"]
[Black "Rotstein,A"]
[Result "1-0"]
[WhiteElo "2599"]
[BlackElo "2542"]

1.e4 c5 2.Nf3 e6 3.d4 cxd4 4.Nxd4 Nc6 5.Nc3 Qc7 6.Be3 a6 7.Qd2 Nf6 8.O-O-O Be7
9.f3 O-O 10.g4 b5 11.g5 Nh5 12.Nce2 Rd8 13.Kb1 e5 14.Nf5 d5 15.Nxe7+ Nxe7
16.Ng3 Nf4 17.Bxf4 exf4 18.Nh5 Bg4 19.fxg4 dxe4 20.Qc1 Rxd1 21.Qxd1 Rd8 22.Qe1 f3
23.a3 Qe5 24.Bd3 e3 25.Rf1 Qxg5 26.Rxf3 Nd5 27.Be4 Qxg4 28.Bxd5 Rxd5 29.Nf6+ gxf6
30.Rg3 h5 31.Qxe3 f5 32.h3  1-0

[Event "Frauenbundesliga 1st Div 2010-11"]
[Site "Germany GER"]
[Date "2010.11.06"]
[Round "1.2"]
[White "Jaracz,B"]
[Black "Endress,A"]
[Result "1/2-1/2"]
[WhiteElo "2274"]
[BlackElo "2160"]

1.e4 c5 2.Nf3 e6 3.d4 cxd4 4.Nxd4 Nc6 5.Nc3 Qc7 6.Be2 a6 7.O-O Nf6 8.a3 b5
9.Be3 Bb7 10.Nb3 Ne5 11.f3 Be7 12.Qe1 Rc8 13.Qf2 d6 14.Bb6 Qb8 15.Na5 Ba8
16.Kh1 O-O 17.Bd4 Bd8 18.Nb3 Nc4 19.Rab1 Qc7 20.Bxc4 Qxc4 21.Rbd1 e5 22.Be3 d5
23.Bc5 Re8 24.exd5 Nxd5 25.Ne4 Bc7 26.Na5 Qa4 27.b4 Bxa5 28.bxa5 Re6 29.Rd2 Qc4
30.Rfd1 f5 31.Nd6 Qxc5 32.Nxc8 Qxc8 33.Rxd5 Bxd5 34.Rxd5 Qc3 35.Rd8+  1/2-1/2

[Event "TCh-BEL 2010-11"]
[Site "Ans BEL"]
[Date "2010.11.07"]
[Round "3.6"]
[White "Vedder,R"]
[Black "Gulbas,C"]
[Result "0-1"]
[WhiteElo "2242"]
[BlackElo "2399"]

1.e4 c5 2.Nf3 e6 3.d4 cxd4 4.Nxd4 Nc6 5.Nc3 Qc7 6.Be3 a6 7.Qd2 Nf6 8.O-O-O Bb4
9.f3 Ne7 10.Nb3 d5 11.e5 Nd7 12.f4 f6 13.exf6 Nxf6 14.Bd3 O-O 15.Rhf1 Bd7
16.Bd4 b5 17.Qe3 Rac8 18.h3 Nc6 19.Bc5 Bxc5 20.Qxc5 b4 21.Ne2 a5 22.Kb1 a4
23.Nbd4 Qb7 24.Nxc6 Rxc6 25.Qe3 b3 26.cxb3 axb3 27.a3 Rb6 28.g4 Rc8 29.Rc1 Re8
30.g5 Ne4 31.Bxe4 dxe4 32.Nc3 Bc6 33.Rce1 Bd5 34.Nxe4 Rd8 35.Nc3 Bc4 36.Rd1 Rbd6
37.Rxd6 Rxd6 38.Rc1 Qg2 39.Qc5 Rd2 40.Na4 Bd3+ 41.Ka1 Rc2 42.Qe3 Qe4 43.Qe1 Rxc1+
44.Qxc1  0-1